|
|
|
|
| LEADER |
01642nam a2200337 a 4500 |
| 001 |
13018895 |
| 008 |
100107s2002 ii a b 001 0ceng d |
| 010 |
|
|
|a 2002286795
|
| 020 |
|
|
|a 0195656970
|
| 020 |
|
|
|a 9780198083818
|
| 020 |
|
|
|a 0198083815
|
| 040 |
|
|
|a DLC
|c DLC
|d DLC
|d BD-DhAAL
|
| 082 |
0 |
0 |
|a 305.4/2/0954
|2 21
|
| 999 |
|
|
|c 6813
|d 6813
|
| 999 |
|
|
|c 6813
|
| 100 |
1 |
|
|a Ray, Bharati.
|9 5836
|
| 245 |
1 |
0 |
|a Early feminists of colonial India :
|b Sarala Devi Chaudhurani and Rokeya Sakhawat Hossain /
|c Bharati Ray.
|
| 260 |
|
|
|a New Delhi ;
|a New York :
|b Oxford University Press,
|c c2002.[2012]
|
| 300 |
|
|
|a x, 173 p. :
|b ill. ;
|c 22 cm.
|
| 504 |
|
|
|a Includes bibliographical references (p. [155]-168) and index.
|
| 520 |
|
|
|a With reference to Bengal, India.
|
| 541 |
1 |
|
|e 00013951, 28492
|
| 600 |
1 |
0 |
|a Chaudhurani, Sarala Devi,
|d 1872-1945.
|9 5837
|
| 600 |
0 |
0 |
|a Rokeẏā,
|c Begama,
|d 1880-1932.
|9 5838
|
| 650 |
|
0 |
|a Feminists
|z India
|z Bengal
|v Biography.
|9 5839
|
| 650 |
|
0 |
|a Women
|z India
|z Bengal
|x Social conditions.
|9 5840
|
| 852 |
4 |
|
|a Ayesha Abed Library
|j General shelf
|
| 942 |
|
|
|2 ddc
|c BK
|
| 952 |
|
|
|0 0
|1 0
|2 ddc
|4 0
|6 305_420954000000000_RAY_2002
|7 0
|9 7009
|a BRACUL
|b BRACUL
|c GEN
|d 2010-01-10
|l 4
|m 34
|o 305.420954 RAY
|p 3010013951
|r 2026-02-23
|s 2025-09-22
|t 1
|w 2010-01-10
|y BK
|
| 952 |
|
|
|0 0
|1 0
|2 ddc
|4 0
|6 305_420954000000000_RAY_2002
|7 0
|9 7010
|a BRACUL
|b BRACUL
|c GEN
|d 2010-01-10
|l 1
|m 23
|o 305.420954 RAY
|p 3010016405
|r 2024-09-05
|s 2024-02-03
|t 2
|w 2010-01-10
|y BK
|
| 952 |
|
|
|0 0
|1 0
|2 ddc
|4 0
|6 305_420954000000000_RAY
|7 0
|9 43935
|a BRACUL
|b BRACUL
|c GEN
|d 2014-10-25
|e Riza Enterprise
|g 520.00
|l 3
|m 8
|o 305.420954 RAY
|p 3010028492
|r 2024-05-30
|s 2024-05-28
|t 3
|w 2014-10-25
|y BK
|